Handbook of oil and gas law.

Bibliographic Details
Main Author: Sullivan, Robert E. (Robert Edwin), 1917-2009
Format: Book
Language:English
Published: New York : Prentice-Hall, 1955.
Subjects:

MARC

Tag First Indicator Second Indicator Subfields
LEADER 00000cam a2200000 4500
001 in00000064928
005 20160108123911.0
008 730228s1955 nyu b 00000 eng u
010 |a  55008371  
035 |a (OCoLC)00566228 
035 |9 AAG2907AM 
040 |c WSU  |d TXA  |d UtOrBLW 
049 |a TXAM  |c [261021] 
050 0 |a TN872.A5  |b S9 
092 |a 338.2728  |b S951h 
100 1 |a Sullivan, Robert E.  |q (Robert Edwin),  |d 1917-2009. 
245 1 0 |a Handbook of oil and gas law. 
264 1 |a New York :  |b Prentice-Hall,  |c 1955. 
300 |a 556 pages 
336 |a text  |b txt  |2 rdacontent 
337 |a unmediated  |b n  |2 rdamedia 
338 |a volume  |b nc  |2 rdacarrier 
504 |a Bibliography footnotes. 
650 0 |a Petroleum law and legislation  |z United States. 
650 0 |a Natural gas  |x Law and legislation  |z United States. 
999 |a MARS 
999 f f |s c478384f-4402-3aa7-a53d-7f5d83acce3e  |i e359172d-c62c-3bfb-9043-00378e1d6f7c  |t 0 
952 f f |p normal  |a Texas A&M University  |b Galveston Campus  |c Jack K. Williams Library  |d Galveston Stacks  |t 0  |e KF1849 .S76 1955  |h Library of Congress classification  |i unmediated -- volume  |m 33620001155213 
952 f f |p normal  |a Texas A&M University  |b College Station  |c Sterling C. Evans Library  |d Evans: Library Stacks  |t 0  |e TN872.A5 S9  |h Library of Congress classification  |i unmediated -- volume  |m A14800763524 
998 f f |a KF1849 .S76 1955  |t 0  |l Galveston Stacks 
998 f f |a TN872.A5 S9  |t 0  |l Evans: Library Stacks